000 01081nam0a22002531 4500
001 rc\4465944
005 20260407093959.0
021 _aRU
_b[66-49320]
035 _a(NLR Aleph) 008593604
090 _a8659155
_c8659155
100 _a20130416d1966 |||y0rusy50 ca
101 0 _arus
102 _aRU
105 _aa z |||||
200 1 _aВыращивание кукурузы на гребнях и грядах
_eРекомендации для производ. испытания
_fДальневост. науч.-исслед. ин-т сел. хоз-ва
210 _aХабаровск
_c[Кн. изд-во]
_d1966
215 _a15 с.
_cил.
_d20
606 _aКукуруза
_xВозделывание на искусственных возвышенностях
_yДальний Восток СССР
_2psbo
712 0 2 _aДальневосточный НИИ сельского хозяйства
_cХабаровск
_3RU\NLR\AUTH\889917713
_9331580
801 0 _aRU
_bNLR
_gpsbo
801 1 _aRU
_bELAR
_2rusmarc
852 _aNLR
_j66-4/10947
942 _cBOOK
980 _aNB